Mobile phones and health. (Record no. 100572)

MARC details
000 -LEADER
fixed length control field 01046cam a2200265 4500
008 - FIXED-LENGTH DATA ELEMENTS--GENERAL INFORMATION
fixed length control field 000000n2000 000 0 eng u
020 ## - INTERNATIONAL STANDARD BOOK NUMBER
International Standard Book Number 0859514501
035 ## - SYSTEM CONTROL NUMBER
System control number (Sirsi) u106528
050 ## - LIBRARY OF CONGRESS CALL NUMBER
Classification number 614.836
110 ## - MAIN ENTRY--CORPORATE NAME
Corporate name or jurisdiction name as entry element Independent Expert Group on Mobile Phones
245 ## - TITLE STATEMENT
Title Mobile phones and health.
260 ## - PUBLICATION, DISTRIBUTION, ETC.
Place of publication, distribution, etc. Chilton, Oxon.
Name of publisher, distributor, etc. National Radiological Protection Board
Date of publication, distribution, etc. 2000
300 ## - PHYSICAL DESCRIPTION
Extent viii160p. ; 30cm.
350 ## - PRICE (NR) (BK AM CF MU VM SE) [OBSOLETE]
Price 20.00
520 ## - SUMMARY, ETC.
Summary, etc. The group was set up by the government to examine the possible effects of mobile phones, base stations and transmitters on health and came to the conclusion that a precautionary approach should be adopted as it was not possible to say that exposure to RF radiation was totally without risk.
650 ## - SUBJECT ADDED ENTRY--TOPICAL TERM
Topical term or geographic name entry element HEALTH RISKS
650 ## - SUBJECT ADDED ENTRY--TOPICAL TERM
Topical term or geographic name entry element MOBILE PHONES
650 ## - SUBJECT ADDED ENTRY--TOPICAL TERM
Topical term or geographic name entry element RADIOFREQUENCY FIELDS
650 ## - SUBJECT ADDED ENTRY--TOPICAL TERM
Topical term or geographic name entry element MASTS
650 ## - SUBJECT ADDED ENTRY--TOPICAL TERM
Topical term or geographic name entry element MOBILE PHONE BASE STATIONS
650 ## - SUBJECT ADDED ENTRY--TOPICAL TERM
Topical term or geographic name entry element NRPB
690 ## - LOCAL SUBJECT ADDED ENTRY--TOPICAL TERM (OCLC, RLIN)
Topical term or geographic name as entry element Health and safety
9 (RLIN) 6244
700 ## - ADDED ENTRY--PERSONAL NAME
Personal name Stewart, William Duncan Paterson
Titles and other words associated with a name Sir
Dates associated with a name 1935-
International Standard Serial Number chairman
942 ## - ADDED ENTRY ELEMENTS (KOHA)
Suppress in OPAC 0
Holdings
Withdrawn status Lost status Source of classification or shelving scheme Damaged status Not for loan Home library Current library Shelving location Date acquired Cost, normal purchase price Total Checkouts Full call number Barcode Date last seen Date last checked out Copy number Cost, replacement price Price effective from Koha item type
    Dewey Decimal Classification     London London Basement 10/10/2000 22.00 1 BASEMENT F614.836 IND 30062169 26/04/2024 14/11/2000 1 22.00 06/08/2019 Book